书目信息 |
| 题名: |
英美文学与教学研究
|
|
| 作者: | 张业春 著 | |
| 分册: | ||
| 出版信息: | 北京 中国纺织出版社 2018 |
|
| 页数: | 253页 | |
| 开本: | 24cm | |
| 丛书名: | ||
| 单 册: | ||
| 中图分类: | H319.39 , I561.06 | |
| 科图分类: | ||
| 主题词: | 英语--ying yu--课堂教学--教学研究--教材 , 英国文学--ying guo wen xue--文学研究 , 文学研究--wen xue yan jiu--美国 | |
| 电子资源: | ||
| ISBN: | 978-7-5180-3872-5 | |
| 000 | 01305cam0 2200289 450 | |
| 001 | 012001009807 | |
| 005 | 20140103173942.0 | |
| 010 | @a978-7-5180-3872-5@dCNY73.50 | |
| 099 | @aCAL 012017165326 | |
| 100 | @a20171027d2018 em y0chiy50 ea | |
| 101 | 0 | @achi |
| 102 | @aCN@b110000 | |
| 105 | @ay a 000yy | |
| 106 | @ar | |
| 200 | 1 | @a英美文学与教学研究@Aying mei wen xue yu jiao xue yan jiu@f张业春著 |
| 210 | @a北京@c中国纺织出版社@d2018 | |
| 215 | @a253页@d24cm | |
| 320 | @a有书目 (第251-253页) | |
| 330 | @a本书简介:英美文学为学生了解英美国家的文学发展、人文风情提供了帮助,能够让学生更好的了解中西方文化的差异。因此相关教育工作者,需要对英美文学与教学进行准确的定位,开展更有针对性的教学,真正发挥出英美文学的作用。本书立足于英美文学和教学两个方面,首先对文学和英美文学进行整体的介绍,其中包括 文学理论的概述、英美小说理论以及文学教育及其重要意义等;之后先后分析了英国和美国文学发展演变;最后是对英美文学教学及其相关问题,并且举例说明了英美文学与教学的结合问题。 | |
| 606 | 0 | @a英语@Aying yu@x课堂教学@x教学研究@j教材 |
| 606 | 0 | @a英国文学@Aying guo wen xue@x文学研究 |
| 606 | 0 | @a文学研究@Awen xue yan jiu@y美国 |
| 690 | @aH319.39@v5 | |
| 690 | @aI561.06@v5 | |
| 701 | 0 | @a张业春@Azhang ye chun@4著 |
| 801 | 2 | @aCN@b上海新华@c20191020 |
| 905 | @b1189555-7@dH319.39@e335@f3 | |
| 英美文学与教学研究/张业春著.-北京:中国纺织出版社,2018 |
| 253页;24cm |
| ISBN 978-7-5180-3872-5:CNY73.50 |
| 本书简介:英美文学为学生了解英美国家的文学发展、人文风情提供了帮助,能够让学生更好的了解中西方文化的差异。因此相关教育工作者,需要对英美文学与教学进行准确的定位,开展更有针对性的教学,真正发挥出英美文学的作用。本书立足于英美文学和教学两个方面,首先对文学和英美文学进行整体的介绍,其中包括 文学理论的概述、英美小说理论以及文学教育及其重要意义等;之后先后分析了英国和美国文学发展演变;最后是对英美文学教学及其相关问题,并且举例说明了英美文学与教学的结合问题。 |
| ● |
| 相关链接 |
|
|
|
|
正题名:英美文学与教学研究
索取号:H319.39/335
 
预约/预借
| 序号 | 登录号 | 条形码 | 馆藏地/架位号 | 状态 | 备注 |
| 1 | 1189555 | 211895555 | 第二样本阅览室/ [索取号:H319.39/335] | 在馆 | |
| 2 | 1189556 | 211895564 | 第四借阅区/ [索取号:H319.39/335] | 在馆 | |
| 3 | 1189557 | 211895573 | 第四借阅区/ [索取号:H319.39/335] | 在馆 |